Foucault for Beginners / (Record no. 15433)
[ view plain ]
| 000 -LEADER | |
|---|---|
| fixed length control field | 01231cam a2200301 a 4500 |
| 001 - CONTROL NUMBER | |
| control field | 2544340 |
| 005 - DATE AND TIME OF LATEST TRANSACTION | |
| control field | 20071030123738.0 |
| 008 - FIXED-LENGTH DATA ELEMENTS--GENERAL INFORMATION | |
| fixed length control field | 940310s1993 nyua b 001 0deng |
| 010 ## - LIBRARY OF CONGRESS CONTROL NUMBER | |
| LC control number | 94060331 |
| 020 ## - INTERNATIONAL STANDARD BOOK NUMBER | |
| International Standard Book Number | 1934389129 |
| 020 ## - INTERNATIONAL STANDARD BOOK NUMBER | |
| International Standard Book Number | 9781934389126 |
| 040 ## - CATALOGING SOURCE | |
| Original cataloging agency | DLC |
| Transcribing agency | DLC |
| Modifying agency | DLC |
| 050 00 - LIBRARY OF CONGRESS CALL NUMBER | |
| Classification number | B2430.F724 |
| Item number | F55 1994 |
| 082 00 - DEWEY DECIMAL CLASSIFICATION NUMBER | |
| Classification number | 194 |
| Edition number | 22 |
| Item number | FIL |
| 100 1# - MAIN ENTRY--PERSONAL NAME | |
| Personal name | Fillingham, Lydia Alix. |
| 9 (RLIN) | 24247 |
| 245 10 - TITLE STATEMENT | |
| Title | Foucault for Beginners / |
| Statement of responsibility, etc | Lydia Alix Fillingham ; illustrated by Moshe Susser. |
| 260 ## - PUBLICATION, DISTRIBUTION, ETC. (IMPRINT) | |
| Place of publication, distribution, etc | [Danbury, CT] : |
| Name of publisher, distributor, etc | For Beginners, 1993 |
| Date of publication, distribution, etc | 1993. |
| 300 ## - PHYSICAL DESCRIPTION | |
| Extent | 156 p. : |
| Other physical details | ill. ; |
| Dimensions | 23 cm. |
| 490 ## - Series Statement | |
| -- | 24245 |
| Series statement | For Beginners Documentary Comic Book |
| 504 ## - BIBLIOGRAPHY, ETC. NOTE | |
| Bibliography, etc | Includes bibliographical references (p. 152-154) and index. |
| 600 10 - SUBJECT ADDED ENTRY--PERSONAL NAME | |
| Personal name | Foucault, Michel, |
| Dates associated with a name | 1926-1984. |
| 9 (RLIN) | 24248 |
| 650 ## - SUBJECT ADDED ENTRY--TOPICAL TERM | |
| 9 (RLIN) | 24246 |
| Topical term or geographic name as entry element | Philosophers |
| General subdivision | Comic books, strips, etc. |
| Geographic subdivision | France |
| 653 ## - INDEX TERM--UNCONTROLLED | |
| Resource For college | |
| Arrived date list | May2011 |
| 700 1# - ADDED ENTRY--PERSONAL NAME | |
| Personal name | Susser, Moshe. |
| 9 (RLIN) | 24249 |
| 942 ## - ADDED ENTRY ELEMENTS (KOHA) | |
| Source of classification or shelving scheme | Dewey Decimal Classification |
| Item type | Book - Borrowing |
| Withdrawn status | Item status | Source of classification or shelving scheme | Damaged status | Not for loan | Vendor | Home library | Current library | Shelving location | Date acquired | Source of acquisition | Cost, normal purchase price | Serial Enumeration / chronology | Total Checkouts | Total Renewals | Full call number | Barcode | Date last seen | Date last borrowed | Koha item type |
|---|---|---|---|---|---|---|---|---|---|---|---|---|---|---|---|---|---|---|---|
| Dewey Decimal Classification | Baccah | Central Library | Central Library | Lower Floor | 26/05/2011 | 131.00 | 12337 | 7 | 29 | 194 FIL | 000023758 | 15/07/2025 | 05/03/2019 | Book - Borrowing |